LEADER 00946cam0 22002413 450 001 SON0001005 005 20210107113723.0 100 $a20000530d1978 |||||ita|0103 ba 101 $aita 102 $aIT 200 1 $aCatalogo collettivo dei periodici di biblioteconomia e documentazione posseduti dalle principali biblioteche italiane$fAssociazione Italiana Biblioteche 210 $aRoma$cs.e.$d1978 215 $a76 p.$d24 cm 710 02$a*ASSOCIAZIONE ITALIANA BIBLIOTECHE$3AF00024575$4070$0104838 801 0$aIT$bUNISOB$c20210107$gRICA 850 $aUNISOB 852 $aUNISOB$j010$m49032 912 $aSON0001005 940 $aM 102 Monografia moderna SBN 941 $aM 957 $a010$b000057$gRIS$d49032$1carrano$2UNISOB$3UNISOB$420110719103341.0$520170314103326.0$6catenacci 996 $aCatalogo collettivo dei periodici di biblioteconomia e documentazione posseduti dalle principali biblioteche italiane$91731858 997 $aUNISOB